<?xml version="1.0" encoding="UTF-8"?>
<marc:record xmlns:marc="http://www.loc.gov/MARC21/slim">
   <marc:leader>00000nam a2200000 a 4500</marc:leader>
   <marc:datafield ind1="1" ind2=" " tag="100">
      <marc:subfield code="a">Bibichin, Vladimir Veniaminovič</marc:subfield>
      <marc:subfield code="4">aut</marc:subfield>
      <marc:subfield code="e">Verfasser/-in</marc:subfield>
   </marc:datafield>
   <marc:datafield ind1=" " ind2=" " tag="653">
      <marc:subfield code="a">Russand</marc:subfield>
   </marc:datafield>
   <marc:datafield ind1=" " ind2=" " tag="653">
      <marc:subfield code="a">Philosophie</marc:subfield>
   </marc:datafield>
   <marc:datafield ind1=" " ind2=" " tag="653">
      <marc:subfield code="a">Slawophil</marc:subfield>
   </marc:datafield>
   <marc:datafield ind1=" " ind2=" " tag="653">
      <marc:subfield code="a">Heidegger</marc:subfield>
   </marc:datafield>
   <marc:datafield ind1=" " ind2=" " tag="653">
      <marc:subfield code="a">Softcover / Philosophie</marc:subfield>
   </marc:datafield>
   <marc:datafield ind1="0" ind2="0" tag="245">
      <marc:subfield code="a">Der andere Anfang</marc:subfield>
   </marc:datafield>
   <marc:datafield ind1="0" ind2="0" tag="245">
      <marc:subfield code="c">Vladimir Bibichin ; aus dem Russischen übersetzt von Vera Ammer</marc:subfield>
   </marc:datafield>
   <marc:datafield ind1=" " ind2="1" tag="264">
      <marc:subfield code="a">Berlin</marc:subfield>
      <marc:subfield code="b">Matthes &amp; Seitz</marc:subfield>
      <marc:subfield code="c">2020</marc:subfield>
   </marc:datafield>
   <marc:datafield ind1="1" ind2=" " tag="490">
      <marc:subfield code="a">Fröhliche Wissenschaft</marc:subfield>
      <marc:subfield code="v">168</marc:subfield>
   </marc:datafield>
   <marc:datafield ind1=" " ind2=" " tag="250">
      <marc:subfield code="a">Erste Auflage</marc:subfield>
   </marc:datafield>
   <marc:datafield ind1="1" ind2=" " tag="520">
      <marc:subfield code="a">Angaben aus der Verlagsmeldung

Der andere Anfang / von Vladimir Bibichin

Vladimir Bibichin zählt zu den einflussreichsten russischen Philosophen des letzten Jahrhunderts. Seine Heidegger-Übersetzungen machten ihn bekannt und erlaubten ihm, seine eigenen philosophischen Positionen zu entwickeln. Der vorliegende Band ist der erste in deutscher Sprache und stellt seine Auseinandersetzungen mit der russischen Zeitgeschichte vor. Die Umbruchszeit 1991 bis 1993 ist Ausgangspunkt seiner Stellungnahmen im ewigen Streit zwischen Westlern und Slawophilen. Bibichin, der sich gleichermaßen in der religiösen Philosophie wie in den europäischen Denktraditionen beheimatet fühlte, richtete sich gegen den »russischen Sonderweg « und versucht einen »anderen Anfang«. Seine Auseinandersetzung mit dem »Eigenen« mündet in eine Kritik der entfesselten Technik bzw. der Globalisierung.
</marc:subfield>
   </marc:datafield>
   <marc:datafield ind1=" " ind2=" " tag="020">
      <marc:subfield code="a">9783957575289</marc:subfield>
      <marc:subfield code="9">9783957575289</marc:subfield>
   </marc:datafield>
   <marc:datafield ind1=" " ind2=" " tag="020">
      <marc:subfield code="a">3957575281</marc:subfield>
      <marc:subfield code="9">3957575281</marc:subfield>
   </marc:datafield>
   <marc:datafield ind1=" " ind2=" " tag="041">
      <marc:subfield code="a">ger</marc:subfield>
   </marc:datafield>
   <marc:datafield ind1=" " ind2=" " tag="300">
      <marc:subfield code="a">215 Seiten</marc:subfield>
   </marc:datafield>
</marc:record>
